| 000 | 00451nam a2200181Ia 4500 | ||
|---|---|---|---|
| 008 | 240925s9999 xx 000 0 und d | ||
| 020 | _a007112666x | ||
| 082 | _a537 KRA | ||
| 100 | _aKraus, John D. | ||
| 245 | 0 | _aElectromagnetics | |
| 250 | _a4th | ||
| 260 |
_aNew York: _bMcGraw-Hill _c,1992. |
||
| 300 |
_axxxiii,718p. _bNA _fOriginal |
||
| 500 | _aIncludes Index | ||
| 600 | _aHumanities & Natural Science | ||
| 650 | _aPhysics | ||
| 942 | _cBK | ||
| 999 |
_c4142 _d4142 |
||